UM Logo

Assessment of learning: (Record no. 1271)

MARC details
000 -LEADER
fixed length control field 00696nam a22001937a 4500
003 - CONTROL NUMBER IDENTIFIER
control field OSt
005 - DATE AND TIME OF LATEST TRANSACTION
control field 20160825152023.0
008 - FIXED-LENGTH DATA ELEMENTS--GENERAL INFORMATION
fixed length control field 160311b xxu||||| |||| 00| 0 eng d
020 ## - INTERNATIONAL STANDARD BOOK NUMBER
International Standard Book Number 978-971-0391-77-6
040 ## - CATALOGING SOURCE
Transcribing agency LIC
082 ## - DEWEY DECIMAL CLASSIFICATION NUMBER
Edition number 2012
Classification number DFil 371.26
Item number B86a
100 ## - MAIN ENTRY--PERSONAL NAME
9 (RLIN) 3678
Personal name Buenaflor, Roberto C.
245 ## - TITLE STATEMENT
Title Assessment of learning:
Remainder of title Book one: The Conventional approach (with DepEd's NCBTS and grading system)/
Statement of responsibility, etc. Roberto C. Buenaflor.
260 ## - PUBLICATION, DISTRIBUTION, ETC. (IMPRINT)
Place of publication, distribution, etc. Quezon City:
Name of publisher, distributor, etc. Great Books Publishing,
Date of publication, distribution, etc. ©2012.
300 ## - PHYSICAL DESCRIPTION
Extent xv, 331 pages:
Other physical details illustrations;
Dimensions 23 cm.
500 ## - GENERAL NOTE
General note Includes bibliographical references and appendix.
650 #0 - SUBJECT ADDED ENTRY--TOPICAL TERM
9 (RLIN) 3679
Topical term or geographic name as entry element Educational tests and measurement
942 ## - ADDED ENTRY ELEMENTS (KOHA)
Source of classification or shelving scheme Dewey Decimal Classification
Koha item type Filipiniana
Holdings
Withdrawn status Lost status Source of classification or shelving scheme Damaged status Not for loan Collection code Home library Current library Shelving location Date acquired Source of acquisition Total Checkouts Full call number Barcode Date last seen Date last checked out Copy number Price effective from Koha item type
    Dewey Decimal Classification     Filipiniana UM Digos College - LIC UM Digos College - LIC Book Cart 09/25/2014 Purchased 8 DFil 371.26 B86a 2012 22802 05/15/2025 02/15/2023 2 03/11/2016 Filipiniana
    Dewey Decimal Classification     Filipiniana UM Digos College - LIC UM Digos College - LIC Book Cart 09/25/2014 Purchased 8 DFil 371.26 B86a 2012 22801 05/15/2025 09/05/2018 1 03/12/2016 Filipiniana